De motu
Guardat en:
| Autor principal: | |
|---|---|
| Format: | Llibre |
| Idioma: | llatí espanyol |
| Publicat: |
Madrid
Universidad Complutense
1993
|
| Col·lecció: | Colección Excerpta Philosophica, 5
|
| Matèries: | |
| Etiquetes: |
Afegir etiqueta
Sense etiquetes, Sigues el primer a etiquetar aquest registre!
|
MARC
| LEADER | 00000nam a2200000 a 4500 | ||
|---|---|---|---|
| 001 | UCP2500 | ||
| 003 | CL-VaPUC | ||
| 008 | 990520e19930000SP |||||||||||||||||lat|d | ||
| 041 | 0 | 7 | |a lat |2 CL-VaPUC |
| 041 | 0 | 7 | |a spa |2 CL-VaPUC |
| 082 | 0 | 4 | |a 116 |b BER |2 21 |
| 100 | 0 | |a Berkeley, George |e author |9 315231 | |
| 245 | 1 | 0 | |a De motu |
| 300 | |a 71 p | ||
| 942 | |c BK | ||
| 945 | |d 19990520 00:00:00 |a rbrito | ||
| 260 | |a Madrid |b Universidad Complutense |c 1993 | ||
| 650 | 0 | |a Filosofía inglesa |9 255676 | |
| 583 | |a last modification |c 19990520 00:00:00 |k Rodrigo Vera | ||
| 490 | 0 | |a Colección Excerpta Philosophica, 5 | |
| 999 | |c 281024 |d 281022 | ||
| 952 | |0 0 |1 0 |4 0 |6 116_000000000000000_BER_1993 |7 0 |8 A |9 321621 |a BIBEDU |b BIBEDU |d 2019-11-20 |i 3509893 |o 116 BER 1993 |p 3509893 |r 2019-11-20 |w 2019-11-20 |y BK |k FIL | ||